000 01513cam a22004217a 4500
003 CHAP
005 20220329142604.0
008 010926d2000 mx r 00110 spa d
010 _a85357
011 _a86329
020 _a9681859340
035 _a96867
040 _cCHAP
082 0 4 _a658
_bM49
110 0 0 _aMéxico. Secretaría de Comercio y Fomento Industrial
_977155
245 1 0 _aJugos de frutas y verduras
_c/por Secretaría de Comercio y Fomento Industrial
260 _aMéxico, D.F. :
_bLimusa Noriega,
_c2000.
300 _a238 p. :
_b+ anexo
410 0 0 _aSecretaría de Comercio y Fomento Industrial
490 0 _aGuías empresariales
590 _aBATCH-UPD
_b10
_c20130110
_lUCH01
_h0425
590 _aBATCH-UPD
_b10
_c20130110
_lUCH01
_h2328
590 _aBATCH-UPD
_b10
_c20130410
_lUCH01
_h0100
590 _aBATCH-UPD
_b10
_c20130913
_lUCH01
_h1948
590 _aCONVERSION
_b10
_c20130109
_lUCH01
_h1347
650 1 4 _aAdministración de empresas.
_9922
650 1 4 _aAdministración industrial.
_9931
650 1 4 _aJugos de frutas.
_962314
650 1 4 _aJugos de legumbres.
_962315
650 1 4 _aPolítica industrial.
_990665
810 0 0 _aSecretaría de Comercio y Fomento Industrial
_9103544
830 0 0 _aGuías empresariales
_951510
901 _aBK
905 _aAlejandra Carrasco M.
942 _cLIBRO
949 _a658 M49
_bBC
_cLIBRO
_d33724000775458
_eLIBRO
_fc.2
_h97697
_i96867
_si
_t$ 102.00
949 _a658 M49
_bBC
_cLIBRO
_d33724000862850
_eLIBRO
_h102156
_i96867
_si
_t$ 102.00
999 _c85357
_d85357